Statystyki dla Wszystkie kontynenty świata!

Kliknij tutaj aby rozwiązać quiz!

Ogólne statystyki

  • Ten quiz został rozwiązany 54 razy
    (44 od ostatniego zresetowania)
  • Średni wynik to 6 z 7

Statystyki odpowiedzi

Kontynent% Poprawnych
Ameryka Południowa
97%
Europa
97%
Afryka
95%
Ameryka Północna
95%
Azja
95%
Antarktyda
81%
Oceania
73%

Rozkład punktacji

Percentyl według liczby udzielonych odpowiedzi

Procent ludzi z każdym wynikiem

Twoja historia wyników

Nie rozwiązałeś tego quizu od ostatniego zresetowania